000 00869nam a22002537a 4500
005 20170124105941.0
010 _aA-813420
020 _c00.00
_a8170188865
035 _aA-813420
037 _bCen Lib/Ret
040 _aDPL
_bEN
082 _a331.0954
_bSOD
100 _aSodhi, J. S
_911219
245 _aIndustrial relations and human resourses in india /
_cby J. S. Sodhi
260 _aDelhi
_bB. R. Publishing Corporation
_c1996
270 _bDelhi
_aA-6, NMRI Community Centre
_e110052
300 _a111p.
_c21cm(Hb)
500 _aIncludes bibliographic references and index
650 _aIndustrial policies
_911220
650 _aHuman resources
_911221
650 _a यात्रा और पर्यटन
_911222
650 _aविकासशील देश-पर्यटन
_93126
942 _2ddc
_cEN
_h331.0954
_mSOD
999 _c124577
_d124577